=LDR 00000nam 2200000 4500 =001 INLIS000000000038825 =005 20130612144502 =008 ***********************************Ind** =035 ##$$a0010-061300000038825 =041 ##$$a Ind =082 ##$$a 813 =090 ##$$a 813, Cow h =100 ##$$a cowell, Cressida =245 ##$$a How to cheat a dragons curse, Bagaimana cara mengakali kutukan naga/ Cressida Cowell; Penyunting, Esti A Budihabsari =260 ##$$a 2010 $b Bandung =300 ##$$a 266 hlm., 18 cm =650 ##$$a Fiksi =700 ##$$a Budihabsari, Esti A =850 ##$$a NBPNMAT =990 ##$$a 94701/BPAP-NTB/2014